Gaming Quiz

Random Gaming Quiz

Aztec Adventure for Master System Grab Bag Quiz Stats

 Plays Quiz not verified by Sporcle

Challenge
Share
Tweet
Embed
Score 0/43 Timer 07:00
0 Plays Today
% Correct
Mexico
100%
Forest
97.6%
Underground Riverway
97.6%
Desert
97.6%
Marsh
97.6%
Ruins
97.6%
Nino
95.2%
Papi
95.2%
Poh
95.2%
Spear
95.2%
Bat
95.2%
Ant Hill
95.2%
Ranbaike
95.2%
Numbing Tree
95.2%
Phantom's Shadows
92.9%
Money
92.9%
Iron Ball
92.9%
Fireball
92.9%
Boots
92.9%
Tornado
92.9%
Lightning
92.9%
Dynamite
92.9%
% Correct
Wishing Well
92.9%
Horned Turtle
92.9%
Snake
92.9%
Monster Flower
92.9%
Masked Rabbit
92.9%
Waterman
92.9%
Rock Lion
92.9%
Bird Spirit of Nazca
92.9%
Popping Flower
92.9%
4 Directional Iron Balls
90.5%
Lady
90.5%
Pupe
85.7%
Gao Gao
78.6%
Yunga
78.6%
Biggs
69%
Cheemu
59.5%
Kanabun
52.4%
Chan Kai
52.4%
Fukuro Tokage
47.6%
Kanego
33.3%
Chabun
31%

You're not logged in!

Compare scores with friends on all Sporcle quizzes.
Join for Free
OR
Log In

You Might Also Like...

Show Comments

Extras

Top Quizzes Today


Score Distribution

Your Account Isn't Verified!

In order to create a playlist on Sporcle, you need to verify the email address you used during registration. Go to your Sporcle Settings to finish the process.

Report this User

Report this user for behavior that violates our Community Guidelines.

Details: